Les Pokémon de couleur Noire - Statistiques

Statistiques générales
  • Ce quiz a été pris 14 fois
  • Le résultat moyen est 24 sur 70
Statistiques - réponses
Nom % Correct
0006 Méga-Dracaufeu X
78%
0644 Zekrom
78%
0477 Noctunoir
67%
0430 Corboss
56%
0198 Cornèbre
56%
0491 Darkrai
56%
0229 Démolosse
56%
0228 Malosse
56%
0491 Méga-Darkrai
56%
0229 Méga-Démolosse
56%
0197 Noctali
56%
0020 Rattatac d’Alola
56%
0019 Rattata d’Alola
56%
0355 Skelénox
56%
0356 Téraclope
56%
0354 Branette
44%
0461 Dimoret
44%
0215 Farfuret
44%
0487 Giratina
44%
0758 Malamandre
44%
0354 Méga-Branette
44%
0800 Necrozma
44%
0353 Polichombr
44%
0143 Ronflex
44%
0128 Tauros de Paldea
44%
0562 Tutafeh
44%
0562 Tutafeh de Galar
44%
0201 Zarbi
44%
0799 Engloutyran
33%
0344 Kaorine
33%
0609 Lugulabre
33%
0359 Méga-Absol Z
33%
0609 Méga-Lugulabre
33%
0608 Mélancolux
33%
0211 Qwilfish de Hisui
33%
0983 Scalpereur
33%
0336 Séviper
33%
0757 Tritox
33%
0893 Zarude
33%
0733 Bazoucan
22%
0796 Câblifère
22%
0837 Charbi
22%
0561 Cryptéro
22%
1016 Favianos
22%
1014 Félicanis
22%
1015 Fortusimia
22%
0446 Goinfrex
22%
0664 Lépidonille
22%
0303 Méga-Mysdibule
22%
0838 Monthracite
22%
0303 Mysdibule
22%
0731 Picassaut
22%
0732 Piclairon
22%
0441 Pijako
22%
0904 Qwilpik
22%
0897 Spectreval
22%
0325 Spoink
22%
0898 Sylveroy Cavalier d’Effroi
22%
0838 Wagomine
22%
0522 Zébibron
22%
0523 Zéblitz
22%
0718 Zygarde Forme 10 %
22%
0718 Zygarde Forme Parfaite
22%
0771 Concombaffe
11%
0658 Méga-Amphinobi
11%
0807 Méga-Zeraora
11%
0665 Pérégrain
11%
0949 Terracruel
11%
0940 Zapétrel
11%
0780 Méga-Draïeul
0%
Aucun quiz correspondant
Distribution des résultats
% des personnes avec chaque résultat
Percentile par nombre de réponses
Votre historique - résultats
Vous n’avez pas pris ce quiz